|
|
|
|
| LEADER |
02913nam a2200433 u 4500 |
| 001 |
10116738 |
| 003 |
upatras |
| 005 |
20241101125927.0 |
| 008 |
150701s2008 gr gre |
| 020 |
|
|
|a 9789603439981
|
| 040 |
|
|
|a GR-PaULI
|c GR-PaULI
|b gre
|e AACR2
|
| 041 |
0 |
|
|a gre
|
| 082 |
0 |
4 |
|a 302.230 84
|2 23
|
| 082 |
0 |
4 |
|a 371.42
|2 23
|
| 100 |
1 |
|
|a Κακανά, Δόμνα-Μίκα
|4 συγγραφέας
|9 50858
|
| 245 |
1 |
0 |
|a Μ.Μ.Ε. και επαγγελματικές επιλογές των εφήβων :
|b ο ρόλος του σχολικού επαγγελματικού προσανατολισμού /
|c Δόμνα-Μίκα Κακανά ... [και ά.]
|
| 260 |
|
|
|a Αθήνα :
|b Κυριακίδη,
|c 2008.
|
| 300 |
|
|
|a 117 σ. :
|b πίν. ;
|c 24 εκ.
|
| 490 |
1 |
|
|a Καινοτομίες στην εκπαίδευση ;
|v 56
|
| 504 |
|
|
|a Περιλαμβάνει βιβλιογραφία
|
| 650 |
|
4 |
|a Μέσα μαζικής ενημέρωσης και έφηβοι
|9 144951
|
| 650 |
|
4 |
|a Επαγγελματικός προσανατολισμός
|9 1027
|
| 650 |
|
4 |
|a Μέσα μαζικής ενημέρωσης
|x Επίδραση
|9 166850
|
| 650 |
|
4 |
|9 55719
|a Εκπαιδευτική συμβουλευτική
|
| 700 |
1 |
|
|a Καμαριανός, Ιωάννης Χ.
|4 συγγραφέας
|9 12041
|
| 700 |
1 |
|
|a Μεταλλίδου, Παναγιώτα
|4 συγγραφέας
|9 144953
|
| 830 |
|
0 |
|a Καινοτομίες στην εκπαίδευση
|v 56
|9 190752
|
| 852 |
|
|
|a GR-PaULI
|b ΠΑΤΡΑ
|b ΒΚΠ
|b ΒΣ1
|k ΑΣΧΕ
|h 302.230 84 ΚΑΚ
|m 131048
|p 025000252579
|t 1
|
| 852 |
|
|
|a GR-PaULI
|b ΠΑΤΡΑ
|b ΒΚΠ
|b ΒΣ1
|k ΑΣΧΕ
|h 302.230 84 ΚΑΚ
|m 131049
|p 025000252580
|t 2
|
| 852 |
|
|
|a GR-PaULI
|b ΠΑΤΡΑ
|b ΒΚΠ
|b ΒΣ1
|k ΑΣΧΕ
|h 302.230 84 ΚΑΚ
|m 131050
|p 025000252581
|t 3
|
| 852 |
|
|
|a GR-PaULI
|b ΠΑΤΡΑ
|b ΒΚΠ
|b ΒΣ1
|k ΑΣΧΕ
|h 302.230 84 ΚΑΚ
|m 131051
|p 025000252582
|t 4
|
| 942 |
|
|
|2 ddc
|c BK15
|
| 952 |
|
|
|0 0
|1 0
|4 0
|6 302_230000000000000_84_ΚΑΚ
|7 0
|9 180934
|a LISP
|b LISP
|c BSC
|d 2016-04-24
|i 131048
|l 1
|o 302.230 84 ΚΑΚ
|p 025000252579
|r 2019-05-23 00:00:00
|s 2019-05-08
|t 1
|w 2016-04-24
|y BK15
|
| 952 |
|
|
|0 0
|1 0
|4 0
|6 302_230000000000000_84_ΚΑΚ
|7 0
|9 180935
|a LISP
|b LISP
|c BSC
|d 2016-04-24
|i 131049
|l 1
|o 302.230 84 ΚΑΚ
|p 025000252580
|r 2019-09-02 00:00:00
|s 2019-08-26
|t 2
|w 2016-04-24
|y BK15
|
| 952 |
|
|
|0 0
|1 0
|4 0
|6 302_230000000000000_84_ΚΑΚ
|7 0
|9 180936
|a LISP
|b LISP
|c BSC
|d 2016-04-24
|i 131050
|l 0
|o 302.230 84 ΚΑΚ
|p 025000252581
|r 2016-04-24 00:00:00
|t 3
|w 2016-04-24
|y BK15
|
| 952 |
|
|
|0 0
|1 0
|4 0
|6 302_230000000000000_84_ΚΑΚ
|7 0
|9 180937
|a LISP
|b LISP
|c BSC
|d 2016-04-24
|i 131051
|l 0
|o 302.230 84 ΚΑΚ
|p 025000252582
|r 2016-04-24 00:00:00
|t 4
|w 2016-04-24
|y BK15
|
| 952 |
|
|
|0 0
|1 0
|2 ddc
|4 0
|6 371_420000000000000_ΜΜΕ
|7 0
|9 357420
|a PTDE
|b PTDE
|d 2022-03-04
|i 12245
|l 0
|o 371.42 ΜΜΕ
|p 025000212990
|r 2022-03-04 00:00:00
|t 5
|w 2022-03-04
|y BK15
|
| 998 |
|
|
|c ΒΑΣΙΛΕΙΟΥ
|d 2015-07
|
| 999 |
|
|
|c 111836
|d 111836
|